Score 0/20 Timer 03:00
1 Play Today
Song Missing Word % Correct
For Once In My _____Life
95.1%
All Summer _____Long
92.9%
Blinded By The _____Light
92.3%
Blurred _____Lines
89.9%
Penny _____Lane
89.1%
Some Guys Have All The _____Luck
88.3%
Three Times A _____Lady
88.1%
It's Too _____Late
85.2%
Leather And _____Lace
83.4%
We Found _____Love
81.9%
Song Missing Word % Correct
I Fought The _____Law
78.4%
Werewolves Of _____London
77.4%
Love The Way You _____Lie
71.9%
How do I _____Live
65.2%
Hello Mary _____Lou
58.5%
My Sweet _____Lord
57.4%
Wichita _____Lineman
43.8%
Dirty _____Laundry
43.5%
Body _____Language
41.7%
White ____Liar
18.9%

Today's Daily Dose

Missing Word
Entertainment W

Word Ladder
Minecraft Ores

Quick Pick
'Lady' Movies

Come Together.
Have Fun.
All Virtual.
We all need to come together. Play Sporcle's virtual live trivia to have fun, connect with people, and get your trivia on. Join a live hosted trivia game for your favorite pub trivia experience done virtually. If a virtual private party is more your thing, go here for details.

You're not logged in!

Compare scores with friends on all Sporcle quizzes.
OR
Log In

Sporcle TV

Today on Sporcle TV


Watch our educational content, quiz creation guides, and fun videos on Sporcle TV.

Show Comments

Extras

Top Quizzes Today


Score Distribution

Paid Content

Your Account Isn't Verified!

In order to create a playlist on Sporcle, you need to verify the email address you used during registration. Go to your Sporcle Settings to finish the process.

Report this User

Report this user for behavior that violates our Community Guidelines.

Details: